[Event "Lost Boys op"]
[Site "Antwerp"]
[Date "1999.08.08"]
[Round "9"]
[White "Seul, Georg"]
[Black "Golod, Vitali"]
[Result "1/2-1/2"]
[WhiteElo "2445"]
[BlackElo "2568"]
[Annotator "Golod,V"]
[PlyCount "39"]
[EventDate "1999.07.30"]
[EventType "swiss"]
[EventRounds "9"]
[EventCountry "BEL"]
[SourceTitle "EXT 2000"]
[Source "ChessBase"]
[SourceDate "1999.11.16"]
[SourceVersion "1"]
[SourceVersionDate "1999.11.16"]
[SourceQuality "1"]

{[%mdl 2] This was the last round game.We shared 4-11 places. It was clear
that Seul would play for a win(for norm grand master).} 1. e4 c5 2. d3 Nc6 3.
f4 ({Another line is:} 3. g3 {You can see comments to Ibragimov,I-Golod,V/
Vienna,1998/CBM 68 (1/2-1/2)(Golod,V)(28)}) 3... g6 $5 {Besides black has few
options:} (3... d5 $5 4. Nf3 $140 dxe4 5. dxe4 Qxd1+ 6. Kxd1 {+/=/=_|_}) (3...
e6) (3... d6) ({and} 3... Nf6) 4. Nf3 Bg7 5. c3 $5 {[%mdl 4]} ({Worse is:} 5.
g3 {in view of:} d5) (5. Be2 $5) 5... d6 $5 {[%cal Ge7e5]} ({Also possibly:} 
5... d5) ({and} 5... e6) 6. g3 $5 ({Another alternative is:} 6. Be2 {-see
Arencibia,W-Akopian,V/Biel(izt),1993/ Inf 58/178 (0-1)(Akopian,V)(25)}) 6... e5
{Besides:6...e6;6...Nf6 and 6...f5 -was checked in the previous games.} 7. Bg2
Nge7 8. O-O O-O 9. Na3 $5 ({Dubious:} 9. f5 $6 gxf5 10. Nh4 fxe4 11. dxe4 (11.
Bxe4 $2 f5 $17) 11... Be6 12. Qh5 f6 $15) 9... exf4 $1 {From my point of view
this move better than:} (9... f5 $6 10. exf5 (10. Ng5 $5 $36 {[%csl Rg8][%cal
Gd1b3] Hoffmann,A-Hoerrmann,K/GER,1983(1-0) (47)}) 10... Nxf5 11. fxe5 Nxe5 12.
Nxe5 Bxe5 13. Nc4 $36) (9... Rb8) (9... Kh8) (9... d5) (9... b6) ({and} 9... h6
) 10. Bxf4 (10. gxf4 $143 Kh8 $5 {/\f5=} (10... f5 $6 11. Qb3+ Kh8 (11... d5
12. e5 b6 13. d4 Ba6 14. Re1 cxd4 15. cxd4 $14 {Todorcevic,M-Ruban,V/Cetinje,
1993(1-0) (40)}) 12. Ng5 $36 {[%csl Rf7][%cal Gg5f7]})) 10... Ne5 $5 ({Also
good enough:} 10... d5 $5 11. Qc1 $5 (11. h3 h6 12. g4 g5 13. Bg3 dxe4 14. dxe4
Be6 $11 {Strikovic,A-San Segundo,P/Candas,1992 (1/2-1/2)(25)}) (11. Nb5 $5 h6
$1 $13 (11... Bg4 $143 12. h3 Bxf3 13. Qxf3 $14 {Morovic Fernandez,I-Larsen,B/
Buenos Aires,1992(0-1)(40)}) 12. Nc7 $2 g5 13. Nxa8 gxf4 14. gxf4 Bg4 {=/+/-/+}
) 11... Bg4 12. Nb5 dxe4 13. dxe4 Bxf3 14. Bxf3 Ne5 15. Be2 {+/=/= Tu
HoangThong-Johansen,D/Erevan, 1996(1/2-1/2)(25)}) (10... h6 $143 11. Qd2 (11.
Nb5 $5) 11... Kh7 $2 (11... g5 $142) 12. Nc4 d5 13. exd5 Nxd5 14. Bd6 Re8 15.
Bxc5 $16 {Strikovic,A-Frois,A/Vila Real de Santo Antonio,1998(0-1)(46)}) 11.
Qd2 $6 ({Probably better is:} 11. Nc4 f6 $5 $13 (11... Bg4 $143 12. Ne3 $14) (
11... N7c6 $5 12. Qd2 {[%cal Gf4h6]} b6 13. Bh6 Ba6 14. Bxg7 Kxg7 15. b3 b5 16.
Ne3 b4 $13 {Orosz,A-Geisler,F/Budapest,1993(0-1)(33)})) 11... Bg4 $5 ({
Interestingly:} 11... N7c6 12. Bh6 Nxf3+ 13. Bxf3 Be6 14. Bxg7 Kxg7 15. Nc2 d5
16. exd5 $6 (16. d4 $5) 16... Bxd5 {=/=/+ Braga,C-Matsuura,E/Itabirito BRA,
1998 (0-1)(25)}) (11... b6 $6 12. d4 Nxf3+ 13. Bxf3 cxd4 14. cxd4 d5 15. e5 $14
{Sepp,O-Zjukin,S/Tallinn,1999(1-0)(31)}) 12. Nc4 $146 ({Dubious:} 12. d4 {
because of:} Nxf3+ 13. Bxf3 Bxf3 14. Rxf3 cxd4 15. cxd4 d5 $11) (12. Nc2 $143
Qd7 13. Ne3 Nxf3+ 14. Bxf3 Bxf3 15. Rxf3 d5 {=/=/+ Ibragimov,I-Iskusnyh,S/
Novgorod,1995 (0-1)(25)}) ({Slightly worse is:} 12. Ne1 Rc8 13. Nac2 Qd7 14. b3
N5c6 15. Bh6 d5 16. Bxg7 Kxg7 $11 {Chandler,M-Andersson,U/Hastings,1981 (1/2-1/
2)(25)}) ({and} 12. Rae1 Qd7 13. d4 Nxf3+ 14. Bxf3 Bxf3 15. Rxf3 cxd4 16. cxd4
Nc6 17. Nc2 Rae8 $11 {Mowsziszian,K-Marin,M/Manresa,1996 (1/2-1/2)(35)}) 12...
f6 $5 {[%csl Yd6,Re5,Yf6]} ({After:} 12... Bxf3 $6 13. Bxf3 Nxc4 14. dxc4 {
[%csl Rd6] white has a small positional advantage.}) 13. Rad1 ({Very badly:} 
13. Ne3 $4 {in view of:} Nxf3+ 14. Bxf3 Bxf3 15. g4 $8 (15. Rxf3 $2 g5 $19 {
[%csl Rf4]}) 15... Bxg4 16. Nxg4 $17) 13... Qd7 $5 {[%cal Ga8d8]} ({Another
alternative is:} 13... Be6 $5 {[%csl Rc4]}) 14. Qe2 ({Loses right away:} 14.
Nxd6 $4 Qxd6 $140 15. d4 {because of:} cxd4 16. cxd4 Qb6 $19 {[%csl Rg1]})
14... Rad8 15. Bxe5 $1 {After this move white equalizes.Insufficiently for
equality:} (15. d4 $6 cxd4 16. Rxd4 (16. cxd4 Nxc4 17. Qxc4+ d5 {=/=/+}) 16...
Qb5 (16... Qc7 $6 17. Rfd1 $14 f5 $140 $2 18. Ncxe5 $1 dxe5 19. Rxd8 Rxd8 20.
Rxd8+ Qxd8 21. Qc4+ $18 {[%csl Re5]}) 17. a4 Qa6 $36 {[%csl Rc4]}) (15. Ne3 $4
Bxf3 16. Bxf3 Nxf3+ 17. Qxf3 g5 $19 {[%csl Rf4]}) 15... dxe5 (15... fxe5 $143
16. Ne3 $5 $14 (16. h3 $143 Bxf3 17. Rxf3 {+/=/=})) 16. Ne3 {[%cal Ge3g4]} Be6
17. d4 $1 {Differently after:} (17. c4 $6 Nc6 18. Nd5 Kh8 {/\f5 I have a big
positional advantage.}) 17... cxd4 ({Probably slightly better is:} 17... exd4
$5 18. cxd4 $140 Bxa2 19. dxc5 Qa4 20. Ra1 Qb3 $13) 18. cxd4 exd4 19. Nxd4 Nc6
$1 (19... Bf7 $2 {is refuted by:} 20. e5 $1 $36 fxe5 $140 21. Nc6 Nxc6 22. Rxd7
Rxd7 $14) 20. Nxe6 $11 (20. Nxe6 $5 {The last accurate move in the game.} Qxe6
21. Nd5 $5 $11 (21. Qc4 $5 Qxc4 22. Nxc4 Rxd1 23. Rxd1 Rd8 24. Rxd8+ Nxd8 $11)
(21. Qb5 $6 f5 $36 {[%csl Ge3]})) (20. Nxc6 $6 Qxc6 $140 21. Rxd8 Rxd8 22. e5
$2 Qb6 $1 23. exf6 Bh6 {[%csl Re3]} 24. Re1 Bf7 $19 {[%cal Gd8e8]}) (20. Ndf5
$6 Qc7 21. Nxg7 Kxg7 {=/=/+}) 1/2-1/2

[Event "Moscow Aeroflot op-A 17th"]
[Site "Moscow"]
[Date "2018.02.20"]
[Round "1"]
[White "Zvjaginsev, Vadim"]
[Black "Sorokin, Aleksey"]
[Result "1/2-1/2"]
[WhiteElo "2629"]
[BlackElo "2511"]
[Annotator "Havasi,G"]
[PlyCount "174"]
[EventDate "2018.02.20"]
[EventType "swiss"]
[EventRounds "9"]
[EventCountry "RUS"]
[SourceTitle "CBM 183"]
[Source "ChessBase"]
[SourceDate "2018.03.14"]
[SourceVersion "1"]
[SourceVersionDate "2018.03.14"]
[SourceQuality "1"]

{[%evp 0,178,27,-27,6,-3,10,4,10,10,10,7,48,13,2,6,32,2,8,2,49,35,49,35,35,40,
65,28,27,22,19,21,27,9,-7,-44,26,23,75,75,54,74,104,67,72,58,71,75,71,63,67,38,
46,53,38,38,27,55,55,64,71,71,48,45,47,45,47,47,56,56,89,83,104,100,99,85,87,
93,86,90,90,93,93,93,93,93,93,91,93,77,91,73,75,73,93,53,49,49,49,62,30,28,73,
53,53,58,59,59,59,59,97,97,97,86,92,45,66,82,75,71,64,76,76,72,72,72,72,79,72,
74,74,79,81,81,79,87,89,90,100,96,98,100,100,98,109,109,101,98,101,101,101,101,
105,101,105,101,101,105,105,93,94,94,93,93,121,63,61,61,70,61,61,61,61,61,61,0,
0,0,0,0,0]} 1. g3 c5 2. Bg2 Nc6 3. e4 g6 4. Ne2 Bg7 5. O-O {In this position,
Black has 3 main options. e6, d6, Nf6.} e6 (5... Nf6 6. c4 (6. f4 d6 7. d3 Bd7
(7... O-O 8. h3 Ne8 9. g4 e6 10. g5 f6 11. gxf6 Nxf6 12. Ng3 h5 13. c3 h4 14.
Ne2 Bh6 15. Be3 Nh5 16. Qd2 Kg7 17. Na3 Qe7 18. d4 cxd4 19. cxd4 e5 20. Rad1 {
½-½ Popovic,D (2528)-Mladenovic,S (2324) Ruma 2017 CBM 180 Extra}) 8. c3 O-O
9. h3 b5 10. d4 cxd4 11. cxd4 e5 $13 {0-1 (38) Miroshnichenko,E (2626)
-Durarbayli,V (2559) Al Ain 2013 CBM 158 Extra}) 6... d6 7. d3 Rb8 8. Nbc3 a6
9. a4 O-O 10. h3 Ne8 11. Be3 e5 $13 {0-1 (57) Gabuzyan,H (2570)-Jones,G (2654)
Minsk 2017 CBM 179}) (5... d6 6. c3 e5 7. Na3 (7. d3 Nge7 8. Be3 O-O 9. f4 Bg4
10. h3 exf4 11. gxf4 Be6 12. Nd2 Qd7 13. Kh2 b6 $13 {0-1 (77) Munoz Pantoja,M 
(2460)-Sjugirov,S (2624) Barcelona 2012 CBM 151}) (7. a3 Nge7 8. b4 O-O 9. d3
Be6 10. Be3 b6 11. b5 Na5 12. c4 Qd7 13. Bd2 Nb7 14. Nbc3 f5 15. Nd5 Bxd5 16.
exd5 a5 17. bxa6 Rxa6 18. Nc3 Kh8 19. f4 Ng8 20. Qb3 Na5 21. Qa2 Nf6 22. Rae1
Re8 23. Nb5 Raa8 24. Bc3 Nh5 25. fxe5 dxe5 26. Bf3 f4 27. Kg2 Nb7 28. Qe2 Nd6
29. Nxd6 Qxd6 30. Bxh5 gxh5 31. Qxh5 Re7 32. gxf4 exf4 33. Rxe7 Qxe7 34. Re1
Qd7 35. Bxg7+ Qxg7+ 36. Kf3 Qc3 37. Qe5+ Qxe5 38. Rxe5 Rxa3 39. Ke4 Kg7 40. Rf5
Ra2 41. d6 Re2+ 42. Kd5 Rd2 43. Rxf4 Rxd3+ 44. Kc6 {1-0 Motylev,A (2676)-Hou,Y
(2571) Wijk aan Zee 2009 CBM 129}) 7... Nge7 8. d4 (8. Nc2 O-O 9. d4 cxd4 10.
cxd4 exd4 11. Nexd4 Nxd4 12. Nxd4 d5 13. exd5 Nxd5 $11 {½-½ (43) Leon Hoyos,
M (2542)-Caspi,I (2402) Reykjavik 2009 CBM 129 Extra}) 8... cxd4 9. cxd4 Nxd4
10. Nxd4 exd4 11. Bf4 O-O 12. Nb5 Qb6 13. Bxd6 Qxb5 14. Bxe7 Re8 15. Ba3 Be6
$15 {0-1 (26) Zubarev,A (2597)-Vachier Lagrave,M (2699) Le Port Marly 2012 CBM
146 Extra}) 6. c3 Nge7 7. d4 cxd4 8. Nxd4 {It is an interesting strategic
question, which piece should White take with. In the event of accurate moves,
both lead to equal positions.} (8. cxd4 {is more often played.} d5 9. e5 (9.
exd5 Nxd5 10. Nbc3 Nxc3 11. bxc3 O-O 12. Rb1 Na5 13. Nf4 Bd7 $13 {½-½ (52)
Sambuev,B (2526)-Preotu,R (2341) Montreal 2014 CBM 161 Extra}) 9... O-O 10.
Nbc3 b6 11. f4 Ba6 12. Be3 Rc8 13. g4 f5 14. h3 Qd7 $15 {(0-1 (37) Bartel,M 
(2641)-Caruana,F (2791) Dubai 2014 CBM 160 Extra) was a slightly better
position for Black, because of the strong a6-B and the chances on the
queenside in the game}) 8... O-O (8... Nxd4 {leads to an equal position after
a few moves} 9. cxd4 d5 10. exd5 Nxd5 11. Nc3 O-O (11... Ne7 12. d5 O-O 13. d6
Nf5 14. Ne4 h6 $13 {0-1 (32) Szalai,K (2407)-Lupulescu,C (2614) Mamaia 2012
CBM 150 Extra}) 12. Nxd5 (12. Qb3 Qb6 (12... Bxd4 13. Nxd5 exd5 14. Bh6 Re8 15.
Rad1 $36 {½-½ (27) Buhmann,R (2579)-Dubessay,B (2352) Saint-Quentin 2014 CBM
160 Extra}) 13. Nxd5 exd5 14. Qxb6 axb6 15. Bxd5 Rd8 (15... Bxd4 16. Rd1 Bf6
$11 {½-½ (33) Huang,Q (2450)-Lagno,K (2529) Huaian 2016 CBM 171 Extra}) 16.
Re1 Bxd4 $11 {½-½ (31) Huang,Q (2450)-Ding,Y (2420) China 2017 EXT 2018})
12... exd5 13. Be3 {½-½ Vajda,L (2596)-Areshchenko,A (2675) Hungary 2017 EXT
2018}) 9. Be3 d5 ({If Black does not want to have an isolated P structure,
then he has this alternative.} 9... b6 10. Na3 (10. Nxc6 dxc6 11. Qe2 Qc7 12.
Na3 Bb7 13. Rad1 Rfd8 14. Bf4 e5 $11 {0-1 (34) Weyrich,M (2380)-Tyrtania,M 
(2250) Germany 1996 GER-chT2}) 10... Bb7 11. Qe2 Nxd4 12. Bxd4 Bxd4 13. cxd4 d5
14. e5 Qd7 $11 {1-0 (50) Riff,J (2480)-Chernov,V (2460) Baden 2012 EXT 2014})
10. exd5 exd5 11. Na3 Be6 (11... Re8 12. Re1 Ne5 13. Bg5 h6 14. Bxh6 Bxh6 15.
Rxe5 Bg7 16. Re3 $16 {0-1 (40) Azmaiparashvili,Z (2585)-Polugaevsky,L (2610)
Oviedo 1991 EXT 1997}) 12. Nac2 Qd7 (12... Nf5 {This move does not work,
because the d5-P will remain unprotected and the B is vulnerable on f5} 13.
Nxf5 Bxf5 14. Bc5 Re8 15. Ne3 $16 Be4 16. Nxd5 Bxg2 17. Kxg2 Re5 18. c4 Rc8 19.
Rc1 Qa5 20. b4 Qxa2 21. b5 b6 22. Bd6 {1-0 Vesselovsky,S (2450)-Folk,P (2295)
Klatovy 1995 EXT 1997}) 13. Nxe6 $146 (13. Nxc6 bxc6 14. Bd4 Nf5 15. Bxg7 Kxg7
16. Nd4 Rab8 17. Nxf5+ Bxf5 18. b4 Rfe8 19. Qd4+ f6 20. Rfe1 $14 {1-0 (46)
Jagodzinski,A (2255)-Leimkuehler,D Ruhrgebiet 1996 EXT 2002. This move does
not work, because the d5 P will remain unprotected and the B is vulnerable on
f5}) 13... fxe6 14. Bc5 {This move improves the coordination of the White
pieces. The B will control the Black squares and the e3-B will not be in front
of the e1-R, so the e6-P can be put under pressure.} b6 15. Ba3 Rfe8 16. c4 {
A principled move, as in general, if you have a B pair, you should open the
position, this especially applies to this position.} (16. Re1 Rad8 17. Qe2 Nf5
18. Rad1 {is the standard, "healthy'' plan that just develops the pieces to
their best positions.}) 16... Rad8 17. Re1 (17. cxd5 Nxd5 18. Qe2 $14 {/\Rfe1,
Rad1 would be another good option}) 17... Kh8 (17... d4 $1 {is a good chance
for Black, because the R is not in the diagonal of the g2-B anymore.} 18. Qd2
Nf5 $13) 18. Qe2 (18. cxd5 Nxd5 19. Qe2 $14 {is possible again.}) 18... Ne5 {
This move is a bit inaccurate because the N will not have any function and,
after cxd5, Black is basically forced to take with the N and the e6-P will be
weak.} (18... Nf5 19. cxd5 exd5 $14 {seems to coordinate Black's pieces better}
) 19. cxd5 Nxd5 20. Rad1 Nc6 21. Qb5 (21. Bh3 {seems to be a very dangerous
alternative}) 21... Qc8 22. Rc1 {The point of this move is keeping the B pair,
because it seems to be worth more than a P.} (22. Bxd5 exd5 23. Rxe8+ Rxe8 24.
Rxd5 {is also enough to retain advantage for White}) 22... a6 23. Qf1 Qb7 24.
Ne3 Nd4 25. Nxd5 exd5 26. Qd3 a5 27. b3 {In the last few moves, White managed
to exchange the strong central N and create an isolated P.} Qd7 28. Bb2 Rxe1+
29. Rxe1 Qf5 $1 {The best chance that manages to exchange the Q or the N.} (
29... Nc6 30. Bxg7+ Kxg7 31. Qc3+ Kg8 32. Qe3 $16 {The Ps, the squares and K
is also weak in the Black camp, so this is a serious advantage for White.}) (
29... Nf5 30. Bxg7+ Kxg7 31. g4 $16) 30. Qe3 (30. Qxf5 Nxf5 31. Bc1 $1 $14 {
[%cal Yg2f1,Yf1d3] /\Bf1-d3 is also a slightly better position for White.
Later in the game it was difficult to find a winning line for White, so this
might be better.}) 30... Nf3+ 31. Qxf3 Bxb2 32. Qxf5 gxf5 33. Bf1 f4 34. Kg2
fxg3 35. hxg3 Ba3 36. Bd3 Rd7 37. Rh1 Bc5 38. Rh5 {After the 30th move, this
position basically arived by force. The question is if White can exploit the
advantage of the better structure.} Rf7 39. f4 d4 40. Kf3 Re7 41. Be4 Rd7 42.
Bd3 Re7 43. Kg4 Rg7+ 44. Kh3 Re7 45. Kh4 Bb4 $1 {This is a resourceful defence
that brings Black closer to the draw. The B will be very unpleasant on e1.} 46.
Rd5 Be1 47. Rd8+ Kg7 48. Rxd4 Re3 49. Kg5 Rxg3+ 50. Kf5 {This is the next
stage. White will try to play for pushing the Black K down.} Kf8 51. Bb5 Bb4
52. Rd8+ Kg7 53. Bc4 Rg6 54. Rd7+ Kh8 55. Be6 Bc3 56. Rd6 b5 57. Ke4 Kg7 58.
Rd7+ Kf6 59. Rxh7 {White has managed to win the h7-P, but Black will win the
a2-P.} Rg2 {Of course, this doesn't fall into the obvious pawn fork trap.} 60.
Bd7 b4 61. Rh6+ Ke7 62. Ba4 Rxa2 63. Ra6 Re2+ 64. Kf5 Rh2 65. Kg4 Bd2 66. Rxa5
Rf2 67. Rf5 Rg2+ 68. Kf3 Rh2 69. Rd5 Ke6 70. Rd8 Bc3 71. Bb5 Rd2 72. Bc4+ Ke7
73. Rb8 Rd6 74. Rb7+ Rd7 75. Rb5 Rd6 76. Rh5 Kf6 77. Rh6+ Ke7 78. Rh7+ Kf6 79.
Kg4 Rd4 80. Rh6+ Ke7 81. Re6+ Kf8 82. Re3 Bd2 83. Rf3 Ke7 84. Kf5 Kd6 85. Rf1
Kc5 86. Ke5 (86. Be6 Kd6 {is also equal it is impossible to make any progress
for White}) 86... Bc3 $1 87. Ke6 Rxc4 {And here the players agreed to a draw.}
(87... Rxc4 88. bxc4 Kxc4 89. f5 b3 {Black would sacrifice the B for the P and
then get his P to the back-rank.}) 1/2-1/2

[Event "FRA-ch Final stage"]
[Site "Besancon"]
[Date "1999.08.24"]
[Round "1.1"]
[White "Koch, Jean Rene"]
[Black "Lautier, Joel"]
[Result "1-0"]
[WhiteElo "2510"]
[BlackElo "2638"]
[Annotator "Hecht,H"]
[PlyCount "95"]
[EventDate "1999.08.23"]
[EventType "k.o."]
[EventRounds "2"]
[EventCountry "FRA"]
[SourceTitle "CBM 073"]
[Source "ChessBase"]
[SourceDate "1999.12.01"]
[SourceVersion "1"]
[SourceVersionDate "1999.12.01"]
[SourceQuality "1"]

1. e4 c5 2. d3 Nc6 3. g3 d5 4. Bg2 dxe4 5. dxe4 Qxd1+ 6. Kxd1 b6 7. Be3 Ba6 8.
Nh3 Rd8+ 9. Kc1 Nf6 10. f3 g6 11. Nf2 Bg7 12. Bf1 Bxf1 13. Rxf1 Nd4 14. Nd2
Ne2+ 15. Kb1 Nd7 16. Re1 Nd4 17. c3 Nc6 18. Kc2 h5 19. f4 Bd4 20. Nf3 Bxe3 21.
Rxe3 e5 22. f5 Ne7 23. Re2 gxf5 24. exf5 f6 25. Nh4 Nb8 26. Rd2 Rxd2+ 27. Kxd2
Kf7 28. Ne4 Rd8+ 29. Ke2 Nbc6 30. Rd1 Rxd1 31. Kxd1 Nc8 32. Ng2 Na5 33. Ne3 Kg7
(33... Ne7 34. h3) 34. Nd5 Nc4 35. Ndxf6 Kh6 36. Ke2 Nxb2 37. h3 Ne7 38. g4
hxg4 39. hxg4 Nc4 40. Ne8 Kh7 41. Kf3 a5 42. N8d6 Nxd6 43. Nxd6 Nd5 44. c4 Nc3
45. g5 a4 46. f6 Nxa2 47. f7 Kg7 48. g6 (48. g6 Nb4 49. Ne8+ Kf8 50. Nf6) 1-0

[Event "Pamplona 9798 8th"]
[Site "Pamplona"]
[Date "1998.01.04"]
[Round "8"]
[White "Strikovic, Aleksa"]
[Black "Andersson, Ulf"]
[Result "0-1"]
[WhiteElo "2560"]
[BlackElo "2640"]
[Annotator "Hecht,H"]
[PlyCount "110"]
[EventDate "1997.12.28"]
[EventType "tourn"]
[EventRounds "9"]
[EventCountry "ESP"]
[EventCategory "13"]
[SourceTitle "CBM 063"]
[Source "ChessBase"]
[SourceDate "1998.03.26"]
[SourceVersion "1"]
[SourceVersionDate "1998.03.26"]
[SourceQuality "1"]

1. e4 c5 2. d3 Nc6 3. g3 g6 4. Bg2 Bg7 5. f4 d6 6. Nf3 e5 7. O-O Nge7 8. f5
gxf5 9. Nh4 f4 10. Qh5 Qd7 11. gxf4 Qg4 12. Qxg4 Bxg4 13. fxe5 Bxe5 14. Na3 Rg8
15. Nc4 Nd4 16. Nxe5 dxe5 17. Rf2 Ne2+ 18. Kf1 Nxc1 19. Rxc1 Ng6 20. Nf5 Nf4
21. Bf3 Bh3+ 22. Ke1 Rd8 23. Ng3 Rg5 24. Ne2 Nxe2 25. Kxe2 Rd6 26. Ke3 Ke7 27.
c3 Rh6 28. b4 cxb4 29. cxb4 Kd6 30. Rd2 Be6 31. a4 Rh3 32. d4 b6 33. d5 Bd7 34.
b5 f5 35. Rf2 fxe4 36. Kxe4 Rg6 37. Bd1 Rgh6 38. Rf3 Rxh2 39. Ke3 Rh1 40. Rf7
R6h3+ 41. Kf2 R3h2+ 42. Kg3 Rh3+ 43. Kg2 R1h2+ 44. Kg1 Rh1+ 45. Kg2 R3h2+ 46.
Kg3 Rh6 47. Rc6+ Bxc6 48. dxc6 {[#] Schlechter weißer König; Taktik!} Rg6+ 49.
Kf2 Rh2+ 50. Kf1 e4 51. Rd7+ Ke5 52. c7 Kf4 53. Rf7+ (53. c8=Q Rh1+ 54. Kf2 e3+
55. Ke2 Rg2+ 56. Kd3 Rxd1+ 57. Kc4 Rc1+ $19) 53... Ke3 54. Ke1 Rg1+ 55. Rf1 Rg8
0-1

[Event "RUS-ch 54th"]
[Site "Elista"]
[Date "2001.05.06"]
[Round "6"]
[White "Feoktistov, Alexey A"]
[Black "Filippov, Valerij"]
[Result "0-1"]
[WhiteElo "2375"]
[BlackElo "2632"]
[Annotator "Hecht,H"]
[PlyCount "120"]
[EventDate "2001.04.29"]
[EventType "swiss"]
[EventRounds "9"]
[EventCountry "RUS"]
[SourceTitle "CBM 083"]
[Source "ChessBase"]
[SourceDate "2001.07.05"]
[SourceVersion "1"]
[SourceVersionDate "2001.07.05"]
[SourceQuality "1"]

1. e4 c5 2. b3 d6 3. Bb2 Nf6 4. Nc3 Nbd7 5. f4 g6 6. Nf3 Bg7 7. e5 Nh5 8. Ne2
Nb6 9. h3 Nd5 10. g3 O-O 11. a3 dxe5 12. fxe5 f6 13. Bg2 fxe5 14. O-O e4 15.
Bxg7 Kxg7 16. Ng5 Rxf1+ 17. Qxf1 Ndf6 18. Nxe4 Nxe4 19. Bxe4 Qxd2 20. Kh2 Nf6
21. Rd1 Qh6 22. Bf3 g5 23. Ng1 g4 24. Be2 Bd7 25. Bb5 Bxb5 26. Qxb5 gxh3 27.
Qe2 Rf8 28. Qxe7+ Rf7 29. Qe5 Qe3 30. Qxe3 Ng4+ 31. Kxh3 Nxe3 32. Rc1 $6 (32.
Rd2 $142) 32... Kg6 33. c4 h5 34. Ne2 Rf2 35. Nf4+ Kh6 36. Re1 Rf3 37. b4 {
Schwächt c4. Zwei Beispiele für die weißen Schwierigkeiten:} (37. Re2 b6 38. a4
a5 39. Re1 h4 40. Rg1 Kg5 41. Ne6+ Kf6 42. Nf4 Nf5 43. Kg4 Rxg3+ 44. Rxg3 hxg3
45. Nd5+ Ke5 46. Kf3 Nd4+ 47. Kxg3 Nxb3 48. Nxb6 Kd4 {sieht schlecht aus}) (37.
Nd3 Nf5 38. Re6+ Kg7 39. Nxc5 Rxg3+ 40. Kh2 h4 {sieht besser aus}) 37... h4 $1
38. bxc5 (38. Kxh4 Rxf4+ 39. gxf4 Ng2+ 40. Kg4 Nxe1 41. bxc5 (41. Kf5 cxb4 42.
axb4 Nc2 $19) 41... Kg6 $19) 38... Rxg3+ 39. Kh2 (39. Kxh4 Nf5#) 39... Kg5 (
39... Ng4+ $142 40. Kh1 Rxa3) 40. Ne6+ Kf5 41. Nd4+ Ke4 42. Ne2 Ng4+ 43. Kh1
Rxa3 $19 44. Nc3+ Kd3 45. Rg1 Nf2+ 46. Kg2 Rxc3 47. Kxf2 Kxc4 48. Rg7 Rb3 49.
Rc7 Kd5 50. c6 bxc6 51. Rxa7 c5 52. Ke2 Kd4 53. Kd2 Rh3 54. Rf7 Rh2+ 55. Kc1 h3
56. Rf4+ Kc3 57. Rf3+ Kb4 58. Rf4+ c4 59. Rf3 c3 60. Rf8 Rg2 0-1

[Event "Odorheiu Secuiesc zt"]
[Site "Odorheiu Secuiesc"]
[Date "1995.??.??"]
[Round "9"]
[White "Mrva, Martin"]
[Black "Istratescu, Andrei"]
[Result "0-1"]
[WhiteElo "2400"]
[BlackElo "2505"]
[Annotator "Hecht,H"]
[PlyCount "120"]
[EventDate "1995.03.??"]
[EventType "swiss"]
[EventRounds "9"]
[EventCountry "ROU"]
[SourceTitle "CBM 047"]
[Source "ChessBase"]
[SourceDate "1995.08.01"]
[SourceVersion "1"]
[SourceVersionDate "1995.08.01"]
[SourceQuality "1"]

1. e4 c5 2. Ne2 d6 3. g3 g6 4. Bg2 Bg7 5. O-O Nc6 6. c3 e5 7. Na3 Nge7 8. Nc2
d5 9. d3 O-O 10. Bg5 f6 11. exd5 Nxd5 12. c4 Nde7 13. Be3 b6 14. Nc3 Be6 15. a3
Rb8 16. Re1 Qd7 17. b4 Rfd8 18. bxc5 Qxd3 19. Nd5 Qxc4 20. Nxe7+ Nxe7 21. Qe2
Qxe2 22. Rxe2 Nd5 23. cxb6 axb6 24. Nb4 Nxb4 25. axb4 f5 26. Rc1 e4 27. f3 exf3
28. Bxf3 Bd5 29. Kf2 Bxf3 30. Kxf3 Rd3 31. Kf2 Rb3 32. Bd2 Rd8 33. Rc4 b5 34.
Rc7 Bd4+ 35. Kf1 Rb1+ 36. Re1 Rb2 37. Re2 Rb1+ 38. Re1 Rxe1+ 39. Bxe1 {RB<->RB
Motive: gleichfarbige L, 1 sMehr-B, wB-Schwächen, Mattangriff, Abwicklung in
gewonnenes B-Endspiel} h5 40. Rb7 Rd5 41. Bf2 Be5 42. h3 (42. Bc5 $5 Rd2 43.
Kg1 (43. Bg1 h4 44. gxh4 Bxh2 45. Bf2 Rd5 46. Kg2 (46. Bc5 Bg3 $17) 46... Bd6
$17 47. Bc5 Bxc5 48. Rxb5) 43... h4 44. gxh4 Bxh2+ 45. Kf1 Bg3 $17) 42... g5
43. Be3 Bxg3 44. Bxg5 f4 45. Bf6 h4 (45... f3 $4 46. Rg7+) 46. Ke2 Rf5 47. Bd4
f3+ 48. Kf1 Rf4 49. Rd7 Re4 50. Bc3 (50. Bf2 Re2 $19) 50... f2 51. Rd1 Kf7 52.
Rd7+ Ke6 53. Rd1 Re1+ 54. Rxe1+ fxe1=Q+ 55. Bxe1 Bxe1 56. Kxe1 Kd5 57. Kd2 Kc4
58. Kc2 Kxb4 59. Kb2 Kc4 60. Kc2 Kd4 0-1